Návrh a výroba ultrazvukovej sonotródy

Gespeichert in:
Bibliographische Detailangaben
1. Verfasser: Herínek, Jaroslav (Verfasst von)
Weitere Verfasser: Likavčan, Lukáš (Betreuung Doktorarbeit)
Format: Manuskript Buch
Sprache:Slowakisch
Veröffentlicht: 2025
Schlagworte:
Online-Zugang:http://is.stuba.sk/zp/portal_zp.pl?podrobnosti=176958
Tags: Tag hinzufügen
Keine Tags, Fügen Sie das erste Tag hinzu!

MARC

LEADER 00000ntm a22000003a 4500
001 stuzp105314
003 SK-STU
005 20250628212549.5
007 ta
008 150427s2015----xo-----f-mn---000-0-slo-d
040 |a STU  |b slo 
041 0 |a slo 
100 1 |a Herínek, Jaroslav  |u 063000  |4 aut  |U MTF Materiálovotechnologická fakulta  |T MTF Ústav výrobných technológií  |X 122007  |U M3000  |Y 83  |7 122007 
242 0 1 |a Design and manufacture of ultrasonic sonotrode  |y eng 
245 1 0 |a Návrh a výroba ultrazvukovej sonotródy 
260 |c 2025 
650 4 |a CAD/CAM/CAE systémy  |2 slo 
650 4 |a ultrazvuk  |2 slo 
650 4 |a sonotróda  |2 slo 
650 4 |a ultrasound  |2 eng 
650 4 |a sonotrode  |2 eng 
650 4 |a CAD/CAM/CAE systems  |2 eng 
700 1 |a Likavčan, Lukáš  |4 ths  |X 57040  |7 A000057040 
856 4 |u http://is.stuba.sk/zp/portal_zp.pl?podrobnosti=176958 
996 |c M* BP-9923  |l MMSKP  |s P  |a 0  |w stuzp105314_0001